5HLuxD.jpg

KING HENRY VIII SENIOR AND PRIMARY SCHOOL LIBRARY OPAC

A bear-y tale / (Record no. 1809)

000 -LEADER
fixed length control field 01201cam a2200277Ma 4500
001 - CONTROL NUMBER
control field .b2346639x
003 - CONTROL NUMBER IDENTIFIER
control field OSt
005 - DATE AND TIME OF LATEST TRANSACTION
control field 20230201080842.0
008 - FIXED-LENGTH DATA ELEMENTS--GENERAL INFORMATION
fixed length control field 171110r20131989enka g 000 1 eng d
020 ## - INTERNATIONAL STANDARD BOOK NUMBER
International Standard Book Number 9781406341621
Qualifying information (pbk.) :
040 ## - CATALOGING SOURCE
Original cataloging agency UKMGB
Language of cataloging eng
Transcribing agency UKMGB
Modifying agency OCLCO
-- NZWPM
-- SINLB
-- OCLCF
-- OCLCO
-- NZIPP
-- YDXCP
-- OCLCQ
-- OCL
-- CNGUL
-- NTASP
-- OCLCQ
-- FCU
-- KH8
041 0# - LANGUAGE CODE
Language code of text/sound track or separate title eng
042 ## - AUTHENTICATION CODE
Authentication code nbic
044 ## - COUNTRY OF PUBLISHING/PRODUCING ENTITY CODE
MARC country code xxk
Local subentity code enk
082 0# - DEWEY DECIMAL CLASSIFICATION NUMBER
Classification number 823.92 BRO
100 1# - MAIN ENTRY--PERSONAL NAME
Personal name Browne, Anthony.
Relator term author
245 12 - TITLE STATEMENT
Title A bear-y tale /
Statement of responsibility, etc. Anthony Browne.
260 ## - PUBLICATION, DISTRIBUTION, ETC.
Place of publication, distribution, etc. London, England :
Name of publisher, distributor, etc. Walker Books,
Date of publication, distribution, etc. 2013.
300 ## - PHYSICAL DESCRIPTION
Extent 1 volume (unpaged) :
Other physical details col. ill. ;
Dimensions 26 cm.
500 ## - GENERAL NOTE
General note Originally published: Hamish Hamilton Children's Books, 1989.
520 ## - SUMMARY, ETC.
Summary, etc. This is the fairy-tale adventure of a little white bear and his magic pencil. Bear is walking through a deep dark forest when he meets a hungry-looking wolf, a giant, a scary witch and a family of three bears. With each encounter, Bear draws his way out of danger with the help of his magic red and yellow pencil.
650 #0 - SUBJECT ADDED ENTRY--TOPICAL TERM
Topical term or geographic name entry element Bears
Form subdivision Pictorial works
-- Juvenile fiction.
650 #0 - SUBJECT ADDED ENTRY--TOPICAL TERM
Topical term or geographic name entry element Imagination
Form subdivision Fiction.
650 #0 - SUBJECT ADDED ENTRY--TOPICAL TERM
Topical term or geographic name entry element Drawing
Form subdivision Fiction.
942 ## - ADDED ENTRY ELEMENTS (KOHA)
Source of classification or shelving scheme
Koha item type Books - Non Ficton
Holdings
Withdrawn status Lost status Source of classification or shelving scheme Damaged status Not for loan Collection code Permanent Location Current Location Shelving location Date acquired Total Checkouts Full call number Barcode Date last seen Date last checked out Price effective from Koha item type
          Non-Fiction KH8 Primary School Library KH8 Primary School Library Non Fiction 2023-02-01 24 823.92 BRO KHPL000003563 2026-03-13 2026-03-03 2023-02-01 Books - Non Ficton

Powered By KH8 IT Dept